How To save tax on capital gains : (Record no. 102307)

MARC details
000 -LEADER
fixed length control field 00629nam a22001937a 4500
005 - DATE AND TIME OF LATEST TRANSACTION
control field 20160812163436.0
010 ## - LCCN (DPL NO)
LC control number ENG-115723
020 ## - INTERNATIONAL STANDARD BOOK NUMBER
International Standard Book Number 8190949262
Terms of availability 399.00
020 ## - INTERNATIONAL STANDARD BOOK NUMBER
International Standard Book Number 9788170949268
Terms of availability 399.00
035 ## - SYSTEM CONTROL NUMBER
System control number EN-99285
037 ## - SOURCE OF ACQUISITION
Source of stock number/acquisition DBAD/PUB
082 ## - DEWEY DECIMAL CLASSIFICATION NUMBER
Classification number 343.5405245
100 ## - MAIN ENTRY--PERSONAL NAME
Personal name Lakhotia,R.N
245 ## - TITLE STATEMENT
Title How To save tax on capital gains :
Remainder of title Assessment year 2015-2016 /
Statement of responsibility, etc by R. N. Lakhotia [and] Subhash Lakhotia
260 ## - PUBLICATION, DISTRIBUTION, ETC. (IMPRINT)
Place of publication, distribution, etc New Delhi
Name of publisher, distributor, etc Vision Books
Date of publication, distribution, etc 2014
270 ## - ADDRESS
Address 24 Feroze Gandhi Road,Lajpat Nagar 3
City New Delhi
Postal code 110024
300 ## - PHYSICAL DESCRIPTION
Extent 216p.
Dimensions 22cm(pbk)
942 ## - ADDED ENTRY ELEMENTS (KOHA)
Source of classification or shelving scheme Dewey Decimal Classification
Item type English Books
Classification part 343.5405245
Call number suffix LAK
Holdings
Withdrawn status Lost status Not for loan Collection code Home library Current library Date acquired Source of acquisition Cost, normal purchase price Full call number Barcode Copy number Cost, replacement price Koha item type
      Non-fiction Shahdara Branch Shahdara Branch 12/08/2016 DBAD/PUB 399.00 343.5405245 LAK EN-99285 1 399.00 English Books

© Delhi Public Library
Hit Counter
free hit counter